| 000 -LEADER | |
|---|---|
| fixed length control field | 00399nam a22001697a 4500 |
| 005 - DATE AND TIME OF LATEST TRANSACTION | |
| control field | 20160613095656.0 |
| 008 - FIXED-LENGTH DATA ELEMENTS--GENERAL INFORMATION | |
| fixed length control field | 160613b xxu||||| |||| 00| 0 eng d |
| 020 ## - INTERNATIONAL STANDARD BOOK NUMBER | |
| ISBN | 9788173711466 |
| 041 ## - LANGUAGE CODE | |
| Language code of text/sound track or separate title | eng |
| 082 ## - DEWEY DECIMAL CLASSIFICATION NUMBER | |
| Item number | 7068 |
| 100 ## - MAIN ENTRY--AUTHOR NAME | |
| Personal name | Kalam, APJ Abdul |
| 245 ## - TITLE STATEMENT | |
| Title | Wings of Fire |
| 260 ## - PUBLICATION, DISTRIBUTION, ETC. (IMPRINT) | |
| Place of publication | Hyderabad |
| Name of publisher | Universities press |
| Year of publication | 1999 |
| 300 ## - PHYSICAL DESCRIPTION | |
| Number of Pages | 180 |
| 650 ## - SUBJECT ADDED ENTRY--TOPICAL TERM | |
| Topical Term | Management |
| 942 ## - ADDED ENTRY ELEMENTS (KOHA) | |
| Koha item type | Books |
| Lost status | Damaged status | Collection code | Home library | Current library | Shelving location | Date acquired | Cost, normal purchase price | Full call number | Accession Number | Koha item type |
|---|---|---|---|---|---|---|---|---|---|---|
| LIFE SKILL | JRU Library | JRU Library | SHELF-103-F | 13/06/2016 | 250.00 | 7068 | 7068 | Books | ||
| JRU Library | 13/06/2016 | 250.00 | 7068 | 7069 | Books | |||||
| LIFE SKILL | JRU Library | JRU Library | SHELF-103-F | 13/06/2016 | 250.00 | 7068 | 7070 | Books | ||
| LIFE SKILL | JRU Library | JRU Library | SHELF-103-F | 13/06/2016 | 250.00 | 7068 | 7071 | Books | ||
| JRU Library | JRU Library | SHELF-103-F | 13/06/2016 | 250.00 | 7068 | 7072 | Books | |||
| LIFE SKILL | JRU Library | JRU Library | SHELF-103-F | 13/06/2016 | 250.00 | 7068 | 7073 | Books | ||
| LIFE SKILL | JRU Library | JRU Library | SHELF-103-F | 13/06/2016 | 250.00 | 7068 | 7074 | Books | ||
| LIFE SKILL | JRU Library | JRU Library | SHELF-103-F | 13/06/2016 | 250.00 | 7068 | 7075 | Books |